| 000 | 00652nam a2200241Ia 4500 | ||
|---|---|---|---|
| 003 | OSt | ||
| 005 | 20220918182414.0 | ||
| 006 | a|||||r|||| 00| 0 | ||
| 007 | ta | ||
| 008 | 220917b |||||||| |||| 00| 0 eng d | ||
| 024 | _a32,393 | ||
| 037 | _cTextual | ||
| 040 |
_aARTS _cARTS _beng |
||
| 041 |
_2eng _aeng |
||
| 082 | _aO111,3vN, L0 | ||
| 100 |
_aBloor R. H. U. _960246 |
||
| 245 | 0 | _aEnglish novel from Chaucer to Glasworthy | |
| 260 |
_aLondon _bIvor Nicholson and Watson _c1970 |
||
| 300 |
_a248p. _ccm. |
||
| 650 | _aENGLISH LITERATURE | ||
| 942 |
_hO111,3vN, L0 _cTEXL _2CC |
||
| 999 |
_c168898 _d168898 |
||